000 00773nam a2200229Ii 4500
003 JO-AjNU
008 230605s9999||||xx |||||||||||||| ||und||
017 _a2000/7/2193
020 _a9957-11-118-3
040 _aJO-AjNU
_bara
_erda
_cJO-AjNU
041 _aara
050 1 4 _aG155.A1.U23 2008
100 3 _aعبيدات، محمد,
_eauthor
_951001
245 0 0 _aالتسويق السياحي مدخل سلوكي
250 _aط3
264 3 1 _aعمان: دار وائل للنشر والتوزيع، 2008
300 _a253ص
_bالمراجع العربية والاجنبية ص 247-253
336 _atext
_btxt
_2rdacontent
337 _aunmediated
_bn
_2rdamedia
338 _avolume
_bnc
_2rdacarrier
650 4 _aالسياحة- تسويق- اقتصاد
_951002
999 _aA22501
_c26069
_d26069